| 000 | 00642nam a22002413 4500 | ||
|---|---|---|---|
| 999 |
_c7914 _d7914 |
||
| 001 | 7914 | ||
| 003 | BD - JhCC | ||
| 005 | 20180802133610.0 | ||
| 008 | 971106m19629999enk 000 0 eng d | ||
| 035 | _a(BD - JhCC)7914 | ||
| 040 |
_aEQO _cEQO _dBD-JhCC |
||
| 041 | _aeng | ||
| 082 |
_bLAU 1962 _a500 |
||
| 100 | 1 | _aLauwerys, Joseph Albert. | |
| 245 | 1 | 0 |
_aHarrap's primary science series / _cadapted from the Heath science series, by H. and N. Schneider. |
| 260 |
_aLond. &c., _c1962- |
||
| 300 |
_a128 p. ; _c20 cm. |
||
| 650 | _aScience | ||
| 700 | 1 | _aSchneider, H. | |
| 700 | 1 | _aSchneider, N. | |
| 942 |
_2ddc _cBK |
||